| 000 | 00803nam a22002057a 4500 | ||
|---|---|---|---|
| 999 |
_c145615 _d145615 |
||
| 005 | 20181218164043.0 | ||
| 010 | _a1718EN-30 B-681931-938 | ||
| 020 |
_a9789386338358 _c299.00 |
||
| 035 | _aB-681931-938 | ||
| 037 |
_bPragati _adpl |
||
| 082 | _a891.463 | ||
| 100 | _aMatkari, Ganesh | ||
| 245 |
_aHalf open windows / _cby Ganesh Matkari translated from Marathi by Jerry Pinto |
||
| 260 |
_aNew Delhi _bSpeaking Tiger _c2017 |
||
| 270 |
_a4381/4, Ansari Road, Daryaganj _bNew Delhi _e110002 |
||
| 300 |
_a194p. _b21cm(pbk) |
||
| 700 | _aPinto,Jerry | ||
| 942 |
_2ddc _cEN _h891.463 |
||